[Event "Poikovsky Karpov 18th"]
[Site "Poikovsky"]
[Date "2017.04.18"]
[Round "1"]
[White "Sutovsky, Emil"]
[Black "Korobov, Anton"]
[Result "1-0"]
[WhiteElo "2650"]
[BlackElo "2695"]
[Annotator "Sutovsky,E"]
[PlyCount "47"]
[EventDate "2017.04.18"]
[EventType "tourn"]
[EventRounds "9"]
[EventCountry "RUS"]
[EventCategory "18"]
[SourceTitle "CBM 178"]
[Source "ChessBase"]
[SourceDate "2017.05.14"]
[SourceVersion "1"]
[SourceVersionDate "2017.05.14"]
[SourceQuality "1"]

{Sutovsky and Poikovsky do not rhyme. No, really, they don't. Poikovsky is
named after the river Poik, and actually the locals never call their town
Poikovsky, as is common in the chess world. Prior to this year there was
another proof for not rhyming my surname to the tournament. I have
participated in eight events in the hospitable Yugra land - and never managed
to win it. True, there was a logical explanation to that fact - these
tournaments are always strong, and I never was among the Elo favourites. But
still, eight times...  I had some good tournaments there, a couple of mediocre
results and also one of my worst performances ever - all that happened in
Poikovsky. In spite of the rather modest statistics, I kept accepting the
organisers' invitations with a lot of enthusiasm - as this is simply a great
place to play chess. A strong and always combative line-up, a long classical
time-control, an exceptionally comfortable playing hall, and 10 days fully
dedicated to chess. Actually, for some it may seem boring. It is a bit like
Wijk-aan-Zee, just you don't have Amsterdam nearby. And you don't have three
restaurants to choose from, but only one. And the weather - well, it can be
different, but never too good :) So, maybe, after all, it is not everybody's
cup of tea. But I really like it. It took a lot of effort to maintain the
tournament throughout the economic crisis in Russia, and it took the godfather
of the tournament, Anatoly Karpov, to keep it alive. Of course, it was
essential to have a local government to support it - as most of the event's
budget is covered by the municipality. The tournament is alive and kicking -
almost in a literal way: this year there were over 50% of decided games in the
event, and many of these games were a real feast for chess lovers and the
players themselves. So, if you join the discussion about "boring classical
chess" - just check the games from Poikovsky... Let me present my win over
Anton Korobov - the guy who won Poikovsky both in 2015 and 2016.} 1. e4 {
Well, this very move doesn't require a lot of annotations - as I open with it
virtually every white game. But there was a story behind it this time. This
game was played in round 1, and the opening move was made by Anatoly Karpov
himself. No, I didn't deserve this privilege - it was for a simple reason:
Anton Korobov was the winner of the previous edition. And so, the great
champion approached our board and asked what shall he play for me. Your
beloved move, Anatoly Evgenyevich! Hm, in my young years or now, asked Anatoly.
Well, there is only one love! He needed no more hints, and opened the game.} c5
{Rather expected. I had also prepared for 1...e6 which Anton employs a lot.} 2.
Nf3 d6 3. d4 cxd4 4. Nxd4 Nf6 5. Nc3 Nbd7 {Surprise, surprise! Not his pet
Najdorf, but some obscure line. The explanation might be simple: prior to this
game Anton had 3-0 score against me, and probably wanted to get out of theory,
to get some complex position, and then "the client will tell". Possible
strategy of course. But I am not sure it was a smart one. Actually, we are
both not only heavyweights (clearly the two heaviest top-100 players - not
that we should be proud about it!), but also heavywhiters - and having the
right of the first move seems to be an important factor in our encounters 
(Anton was White in all our previous games)...So, he provokes me for some
aggressive moves, and of course, I don't need a second invitation!} 6. g4 h6 7.
h4 a6 {Played after a serious thought.} ({I was mainly focussed on} 7... d5 {
planning} 8. Nxd5 Nxd5 9. exd5 Nf6 (9... Qa5+ 10. c3 Qxd5 11. Rg1 $16) 10. Bb5+
Bd7 11. c4 {and Black is not in time to regain the material.}) 8. Bg2 {Logical,
but it is not clear if it is the best.} ({There were other promising moves like
} 8. Rg1) ({or} 8. Qe2 {All in all - I don't think Black can be OK, allowing
g4-h4 with such ease. But of course, the position remains very complex and we
find ourselves in uncharted waters at this very early stage of the game...})
8... g6 {The only way to develop and stop White's aggression for a while.} 9.
g5 hxg5 10. hxg5 Rxh1+ 11. Bxh1 Nh5 {Played a tempo, but maybe it is already a
decisive mistake!} ({Much stronger was the passive looking} 11... Nh7 {and
after} 12. f4 Bg7 {it took me some time to prove White's advantage to the
engine. It wants to play e7-e5, but after} 13. Nde2 $1 Nb6 $1 {clearly the
best, according to the silicon beast} 14. Qd3 (14. Bf3 e5) (14. f5 Bd7 15. Qd3
Qc8 $1 {is OK for Black}) 14... Bg4 $1 15. Bf3 Bxf3 16. Qxf3 Rc8 17. b3 $1 d5
18. e5 d4 19. Ne4 Rxc2 20. Qd3 {and White gets the pawn back, preserving some
advantage thanks to the passive g7-bishop. Actually, my engine is not
convinced and suggests 15...Bd7!? as a possible improvement, but I can't
seriously analyse the moves which are never going to be played.}) 12. Bf3 Ne5
13. Be2 $1 {I saw this nice manoeuvre before playing 9.g5 - it is important to
finish the development first - as the knight on h5 has nowhere to go anyways.}
Bg7 14. Be3 Nc6 (14... Be6 {during the game I considered it as the best option
for Black, but White is obviously better here and the strongest would be
probably} 15. Nxe6 fxe6 16. f4 $1 {Now the silicon mind's recommendation fails
to impress me, as after} Nxf4 17. Bxf4 Qb6 18. Kf1 Qxb2 19. Bd2 {Black doesn't
have sufficient compensation, but actually any other option on move 16 will be
even worse for Black...}) 15. Nd5 Kf8 $2 {That's too much.} ({His best chance
was the typical} 15... Rb8 {but after the simple} 16. c3 {Black's position is
unenviable.}) 16. Bxh5 gxh5 {Of course, it was possible to play 17.c3 here,
but I wanted to go for the king!} 17. Nf5 Bxf5 (17... Bxb2 {loses to} 18. Qxh5
Bxa1 19. Qh6+ Ke8 (19... Kg8 20. Nf6+ Bxf6 21. gxf6 Qf8 22. Qg5+ Kh7 23. Qh5+
Kg8 24. Nh6+) 20. Bb6 {and it is over.}) 18. exf5 Bxb2 19. Rb1 Qa5+ 20. Kf1 (
20. c3 {was another tempting possibility, and I spent quite a time choosing
between the two. But then after} Qxa2 {I didn't find anything better than} 21.
Kf1 {and I decided to play it right away and then to decide on my next move.})
20... Qxa2 21. f6 (21. c3 Qc4+ 22. Kg1 Bxc3 23. Rc1 Qg4+ 24. Qxg4 hxg4 25. Rxc3
{is technically won, but why convert to an endgame if there is a way to mate?})
21... exf6 22. gxf6 Kg8 (22... Ne5 {was the move I considered mostly, but
there is a direct win here.} 23. Bh6+ Kg8 24. Rxb2 $1 Qxb2 25. Ne7+ Kh7 26.
Qxh5 {and there will be mate. Soon.}) 23. Kg2 $1 {Releasing the queen - now I
simply threaten to take on h5.} Be5 {He prevents Qxh5, as now the knight on d5
is hanging, but...} 24. Kh3 $1 {...resuming the threat, which this time can't
be parried. Black resigned. As it turned out, this was one of the critical
games in the tournament. Korobov was eager to complete the hat-trick in
Poikovsky, adding another tournament win, and after losing in the first round,
he came up with 5.5 out of 6, just to catch me before the two final games. But
then he was stopped by Evgeny Najer who had a great event himself. At the end
Najer scored 7/9 with the TPR of 2899, but it was not enough, as yours truly
scored the same 7/9 with a better tie-break (beating Najer and Korobov who
finished with 6/9). Really a memorable tournament for me - of course, not only
for 2902 TPR, but for a number of good games I managed to play throughout the
event. And this one was the first, but probably most important step to the
victory.} 1-0

[Event "ISR-chT"]
[Site "Israel"]
[Date "1998.03.19"]
[Round "7"]
[White "Maryasin, Boris Feliksovich"]
[Black "Tyomkin, Dimitri"]
[Result "0-1"]
[WhiteElo "2350"]
[BlackElo "2440"]
[Annotator "Tyomkin,D"]
[PlyCount "68"]
[EventDate "1998.01.15"]
[EventType "team-tourn"]
[EventRounds "10"]
[EventCountry "ISR"]
[SourceTitle "CBM 064"]
[Source "ChessBase"]
[SourceDate "1998.06.02"]
[SourceVersion "1"]
[SourceVersionDate "1998.06.02"]
[SourceQuality "1"]

1. e4 c5 2. Nf3 d6 3. d4 cxd4 4. Nxd4 Nf6 5. Nc3 Nc6 6. f4 e5 7. Nf3 Be7 8. Bd3
Qb6 9. f5 (9. Rb1 {-theory}) 9... h6 $146 (9... O-O $142 10. Qe2 Re8 $1 {
Such a typical idea. Black prepares Nd4 or d6-d5.} 11. Rb1 (11. Bd2 Nd4 $1 12.
Qf1 (12. Nxd4 exd4 13. Na4 Qc7 $17) 12... Qxb2 13. Rb1 Qa3 14. Nxd4 exd4 15.
Nb5 Qc5 $17 {Rios,A-Zarnicki,P/WCh-Team U-26, Roque Saenz Pena ARG 1997/0-1 
(50)}) 11... d5 (11... Nd4 $5) 12. Kf1 Bxf5 $1 13. exf5 e4 14. Bxe4 dxe4 $17 {
Louis,J-Veingold,A/Andorra op 1994/0-1(23)}) 10. Qe2 Bd7 11. Bd2 Nb4 12. Be3 $2
(12. O-O-O Nxd3+ (12... Rc8 13. Bc4) 13. cxd3 $14 {[%cal Gc1b1]}) {[%tqu "En",
"Find an unexpected tactical blow for black","","","b4c2","",10]} 12... Nxc2+
$1 13. Bxc2 Qxb2 $19 14. Nd1 (14. Kd2 Rc8 15. Qd3 Rxc3 16. Qxc3 Nxe4+) (14. O-O
Qxc3 15. Rfc1 Qa5 $19 {[%cal Gd7c6]}) 14... Qxa1 15. Qc4 Rc8 16. Qb3 a5 17. Bb1
a4 18. Qb6 (18. Qd3 d5 $1) 18... Bc6 19. O-O Nd7 (19... d5 $19) 20. Qb4 d5 21.
Qd2 Qxb1 22. Nc3 Qb4 23. Rb1 Qa5 24. exd5 Bb4 25. Rc1 (25. dxc6 Rxc6 26. Rd1
Rc7 $19) 25... Bb5 26. Ne4 (26. Nxb5 Bxd2 27. Rxc8+ Ke7 $19) 26... Rxc1+ 27.
Qxc1 Bd3 28. Qc8+ Qd8 29. Qxb7 Qb8 30. Qc6 Bxe4 31. Nxe5 Qxe5 32. Qc8+ Ke7 33.
Qxh8 Qa1+ 34. Kf2 Qe1# 0-1

[Event "Ashdod op 1st"]
[Site "Ashdod"]
[Date "2003.10.13"]
[Round "3"]
[White "Ribshtein, Nati"]
[Black "Tyomkin, Dimitri"]
[Result "0-1"]
[WhiteElo "2347"]
[BlackElo "2476"]
[Annotator "Tyomkin,D"]
[PlyCount "66"]
[EventDate "2003.10.04"]
[EventType "swiss"]
[EventRounds "9"]
[EventCountry "ISR"]
[SourceTitle "CBM 096 Extra"]
[Source "ChessBase"]
[SourceDate "2003.10.22"]
[SourceVersion "2"]
[SourceVersionDate "2003.10.20"]
[SourceQuality "1"]

1. e4 c5 2. Nf3 Nc6 3. d4 cxd4 4. Nxd4 Nf6 5. Nc3 d6 6. f3 e5 7. Nb3 Be7 8. Be3
O-O 9. Qd2 a5 10. Bb5 Na7 11. Bd3 Be6 12. Rd1 Nc8 13. a3 (13. a4 {-is an
alternative to a3 move, but black does same things here too-Nb6 then Nc4 or
Nfd7;}) 13... Nb6 (13... a4 $5 14. Nc1 Nb6 15. Qf2 Nc4 {-black is fine here
too;} 16. Bxc4 Bxc4 17. N1a2 {[%cal Ga2b4]} d5 $1 $36) 14. Qf2 Nc4 {14..Nfd7
is much more popular here- no idea why, since black has very strong
compensation in the game line;} (14... Nfd7 15. Nd2 Qc7 {-black is ok here;})
15. Bxc4 Bxc4 16. Bb6 Qc8 17. Nxa5 Ba6 {[%csl Re1][%cal Gc8e6,Gf8c8,Ya6f1]
Until here all was my home preparation- I just stop analysing from here since
black's compensation is just more than enough; White has to spend alot of time
to castle here, also black has clear plan- Qe6 then Rfc8 and then to break by
d6-d5 at some point;} 18. Qe3 (18. Nb3 Qc6 (18... Qe6 $5) 19. Nc1 Bd8 $2 (19...
Rfc8 20. Nd3 d5 $36) 20. Bxd8 Raxd8 21. Nd3 Bxd3 22. Rxd3 $16 d5 $2 23. exd5
Nxd5 24. Nxd5 $2 {1-0 Balabaev,T-Furman,B/Olomouc 2002/CBM 89 ext (63)} (24.
Qd2 $1 $18)) (18. Be3 Qe6 {[%cal Gf8c8,Yd6d5]}) 18... Qe6 {Here I missed very
interesting idea:} (18... d5 $1 {Black gets very strong initiative this way;}
19. exd5 Nd7 20. d6 Bh4+ 21. g3 Nxb6 22. Qxb6 Bd8 23. Qb4 Qf5 {[%csl Rc2,Rf3]})
19. b4 {[%cal Rb4b5]} Bc4 {Must;} 20. Kf2 {Only 2 moves left to get the king
to g1: Rh-e1 and then Kg1, but after next move of black white simply can't
stop d6-d5 break and black gets an advantage;} (20. Nxc4 Qxc4 21. Qd3 Qc6 $15 {
[%cal Yf8c8]}) 20... Rfc8 $17 21. Rd2 d5 22. exd5 Bxd5 23. Nb5 {[%cal Gb5c7]
Here my opponent offered me a draw, surprising me alot, since I was truly
considering this position as winning for black;} {[%tqu "En","Find the best
conitnuation here;","Nc7 is a current threat of white-be careful!","Targets
are: white king and c2 pawn!","e6f5","White is defendless now against black's
threats;",10]} Qf5 $1 {[%cal Rf6g4,Rc8c2] White is defendless now against
black's threats;} 24. Ke2 {[%tqu "En","Black has a way to win some material;",
"Light pieces of white on the qside are targets;","The position of white king
allows a tactical blow here;","a8a5","",10]} Rxa5 $1 25. Bxa5 Bc4+ 26. Kd1 Bxb5
27. Re1 Ba4 $1 {[%csl Rc2] 27...Nd5 blow was very tempting here- it leads to
the winning ending for black, but the middlegame here is just winning simplier;
} (27... Nd5 28. Qxe5 Nc3+ 29. Kc1 Qxe5 30. Rxe5 Bf6 31. Rf5 (31. Re1 Bg5)
31... Re8 $19 {[%csl Rc1]}) 28. Ree2 Nd7 {[%cal Re7g5]} (28... e4 29. fxe4 Qe6
{[%cal Gf6g4,Ga4b5]}) 29. g4 $2 {This move just makes the game shorter;} (29.
Qe4 Qxe4 30. Rxe4 Bg5 {[%cal Gf7f5]}) 29... Qe6 {[%cal Re6a2,Rb7b6]} 30. Qa7
Qc6 $1 {[%csl Rf3][%cal Gb7b6,Yc6b7] This calm move kills white on a spot;} 31.
f4 Qh1+ 32. Re1 Qf3+ 33. Kc1 Qc3 $1 {[%cal Ra4c2,Rc3a1] The killer move;} 0-1

[Event "Moscow Aeroflot op-A"]
[Site "Moscow"]
[Date "2020.02.24"]
[Round "6"]
[White "Vaibhav, Suri"]
[Black "Artemiev, Vladislav"]
[Result "1-0"]
[WhiteElo "2591"]
[BlackElo "2728"]
[Annotator "Vaibhav,Suri"]
[PlyCount "109"]
[EventDate "2020.02.19"]
[EventType "swiss"]
[EventRounds "9"]
[EventCountry "RUS"]
[SourceTitle "CBM 195 Extra"]
[Source "ChessBase"]
[SourceDate "2020.05.31"]
[SourceVersion "1"]
[SourceVersionDate "2020.05.31"]
[SourceQuality "1"]

{[%evp 0,44,25,25,41,39,99,70,54,42,42,4,12,22,22,6,36,53,43,54,56,53,57,30,31,
8,6,0,10,19,25,25,61,44,53,74,46,58,50,42,41,50,43,76,71,75,33] This was the
6th round of the Aeroflot Open 2020 and I was paired against the super-strong
talent Artemiev Vladislav. We had played once before in Gibraltar 2018, the
edition which he won, and there he had defeated me quite convincingly. I was
in the mood for some sweet revenge :)} 1. e4 c5 2. Nf3 d6 3. d4 cxd4 4. Nxd4
Nf6 5. f3 {old and out of fashion sideline which obviously does not pose too
many problems for black} Nc6 (5... e5 {the most played option} 6. Nb3 Be6 (6...
d5 7. Bg5 Be6 8. Bxf6 gxf6 9. exd5 Qxd5 10. Qxd5 Bxd5 {is another alternative
for Black.}) 7. c4 Nbd7 8. Be3 {with a Maroczy type pawn structure.}) 6. Nc3 (
6. c4 {was the alternative:} e6 7. Nc3 Be7 8. Be3 O-O 9. Be2 d5 $5 {leading to
a long theoretical battle.}) 6... e5 7. Nb3 Be7 8. Be3 O-O 9. Qd2 a5 10. Bb5
Na7 {Till here we followed the most played moves according to Megabase.} 11.
Bxa7 $5 {Exchanging the important dark-squared bishop, but preventing
counterplay and establishing control over the center and the light squares.} (
11. Bd3 Be6 12. Rd1 Nc8 $5 $132) 11... Rxa7 12. a4 {It's much easier to play
for White thanks to the better pawn structure and the bind on the queenside.} (
12. O-O-O {was an alternative, since after} a4 $2 {White has the strong
intermediate move} 13. Qf2 $1 $16 (13. Bxa4 $2 Nxe4)) 12... Be6 13. O-O-O Ne8 (
13... Qb6 14. Kb1 $1 Raa8 (14... Rd8 15. f4 $1 $14) (14... Ne8 15. Qd3 Nc7 16.
Nd2 $1 $14) 15. g4 Ne8 16. Qd3 Nc7 17. Nd2 Nxb5 18. Nxb5 Qc5 19. c4 $5 $14) (
13... Ra8 14. Kb1 $14) 14. Kb1 Nc7 (14... Qb6 15. Qd3 Nc7 16. Nd2 $1 Qc5 (16...
Rd8 17. Nc4 Qc5 18. Ne3 $16) 17. Nf1 Nxb5 18. Nxb5 Ra6 (18... Bc4 19. Qe3 $1 {
with huge positional advantage}) 19. Ne3 $16) 15. f4 $5 {After the following
pawn trade, the d4 square is cleared for the b3 knight and Black's d6 pawn
becomes more vulnerable. It's hard to suggest a good idea for Black here.
Practically, his position is very difficult as there are too many options to
choose from, and none of them solves the underlying strategic issues.} exf4 (
15... Nxb5 16. Nxb5 Ra6 (16... Ra8 17. f5 Bc4 18. Nxd6 Qc7 19. Nxc4 Qxc4 20.
Qd7 $1 $16) 17. fxe5 dxe5 18. Qxd8 Rxd8 (18... Bxd8 19. Nc5 $16) 19. Rxd8+ Bxd8
20. Nc5 Rc6 21. Rd1 Be7 22. Nxe6 $16 {[%cal Gd1d7]}) 16. Qxf4 Bxb3 $2 {Seemed
like a panicked decision. Black is just doomed strategically now.} (16... Qb8
$5 {Trying to hold on..} 17. Nd4 Bf6 18. Qe3 {White retains an advantage
thanks to his superior pieces.} (18. Qxd6 $2 Rd8 19. Qb6 Na8 $19 {[%csl Rd4]})
18... Be5 19. Nxe6 $5 fxe6 20. Bc4 {[%cal Gc3b5]} Kh8 21. Rhf1 Ra8 22. Nb5 Nxb5
23. Bxb5 Qc7 24. Qb3 $14 {[%csl Gb5] White has very good chances in this
middlegame thanks to his much superior bishop and safer king.}) (16... Nxb5 17.
Nxb5 Ra6 18. Nc5 Rc6 19. Nxe6 fxe6 20. Qg4 Qd7 21. Rhf1 $16) 17. cxb3 Nxb5 (
17... Ra8 18. Bc4 Bf6 19. Rhf1 $1 Ne8 (19... Qe7 20. Qxd6) 20. g4 $16 {White's
play is very easy though objectively Black should have gone for this.}) 18.
Nxb5 Ra6 19. Rd5 Rc6 20. Rhd1 Qb6 21. Nd4 $5 {Forcing matters.} Rc5 22. Nf5 Bf6
23. Qxd6 Rxd5 (23... Qxb3 24. Qxf8+ $1 {A nice trick which checkmates on the
spot.} Kxf8 25. Rd8+ Bxd8 26. Rxd8#) (23... Rc6 24. Qg3 Rc3 (24... Qb4 25. e5
$18) 25. bxc3 Qxb3+ 26. Kc1 $18 {White's king escapes} Bg5+ (26... Bxc3 27.
R1d3 $18) (26... Rc8 27. Rd8+ $18) 27. R1d2 Rc8 (27... Bxd2+ 28. Kxd2) 28. R5d3
$18) 24. Qxd5 $18 {Material advantage and dominating piece position for White.
The rest is a matter of technique.} Qf2 (24... Rd8 25. Nd6 $18) 25. Rd2 {
The g2 pawn is much more useful than h2 pawn.} Qg1+ 26. Ka2 Qxh2 27. Qxa5 Qf4
28. Qd5 g6 29. Nd6 b6 30. Re2 {With the idea e5.} Qf1 (30... Qg4 31. Rf2) 31.
Rc2 Bg7 (31... Qf4 32. Rc8 $18) 32. e5 h5 33. Rc8 (33. Rc7 $1 {Putting maximum
pressure on f7 and preparing to capture the b6 pawn with Rb7.} h4 34. Rb7 Qf2
35. Nc4 {Black has no counterplay.}) 33... Rxc8 34. Nxc8 Qf2 35. b4 (35. Nd6 h4
$2 {The most natural move doesn't work due to a strong tactical resource:} 36.
Ne4 $1 Qf4 37. Qd8+ Kh7 (37... Bf8 38. Nf6+ Kg7 39. Qxb6 $18) 38. Ng5+ Kh6 39.
Nxf7+ $18) 35... Qf4 36. Nxb6 (36. Ne7+ Kh7 37. Nc6 {[%cal Ga4a5] was more
precise, not allowing any counterplay:} h4 38. a5 bxa5 39. bxa5 Bh6 (39... Qa4+
40. Kb1 {- no checks.}) 40. Ka3 $18) 36... Qxb4 37. a5 h4 38. Nc4 Kh7 (38...
Qa4+ 39. Kb1 Kh7 {would have posed small problems to organize the advance of
the passed pawns.} 40. Nb6 $1 Qb4 41. Kc2 $1 $18 {[%cal Gb2b3,Gb6c4,Ga5a6]
black has no counterplay. Consolidating with b3-Nc4 and starting the pawn
advance}) 39. b3 Qe1 40. a6 (40. Qxf7 {would have led to a faster victory:}
Qe2+ 41. Ka3 Qxg2 42. e6 {White is much faster and the knight ensures Black
has no chances of a perpetual check.} Qd5 43. Qd7 $1 $18 Qc5+ 44. Ka4 h3 45. e7
h2 46. Qh3+ Qh5 47. Qxh5+ gxh5 48. e8=Q h1=Q 49. a6 $18) 40... Qf2+ 41. Ka3
Bf8+ 42. b4 Kh8 43. Nd6 (43. Ka4 $18 {[%cal Gc4d6]}) 43... Qc2 44. Nxf7+ Kh7
45. Ng5+ Kh6 46. Nf7+ Kh7 47. Nd6 Bg7 48. Qe4 Qf2 49. Nb5 Bh6 50. a7 Bc1+ 51.
Kb3 Qb2+ 52. Kc4 Qa2+ 53. Kc5 Qf2+ 54. Kc6 Qf8 55. Nc7 {A nice win after a
series of draws at this tournament. Beating the top-seed of the event
definitely makes this game quite memorable.} 1-0